000 00339nam a2200133Ia 4500
008 240624s9999 xx 000 0 und d
041 _aeng
082 _a302.35 FIE
100 _aFIELDS DAIL L
245 _aTAKING THE MEASURE OF WORK A GUIDE TO VA
260 _c2002
_aNew Delhi
_bSage Publications
300 _a327 : p.
365 _c
_b27
999 _c17518
_d17518